Statistiques concernant Les oiseaux et leur appartenance

Cliquez ici pour prendre le quiz!

Statistiques générales

  • Ce quiz a été pris 93 fois
  • Le résultat moyen est 5 sur 9

Statistiques - réponses

OiseauEspèce% Correct
rieusemouette
97%
bernacheoie
76%
gris du Gabonperroquet
76%
bisetpigeon
75%
tadornecanard
63%
macaoara
52%
bihoreauhéron
48%
conureperruche
39%
sternehirondelle
16%

Distribution des résultats

Percentile par nombre de réponses

% des personnes avec chaque résultat

Votre développement - résultats

Vous n’avez pas pris ce quiz